000 00687nam a22002297a 4500
005 20251027100750.0
006 a|||||r|||| 00| 0
007 ta
008 251027b1990 - ||||| |||| 00| 0 eng d
020 _a0697051455
040 _aAR-EsCIE
100 1 _aBrower, James E.
_d1941-
_91075
245 1 0 _aField and laboratory methods for general ecology /
_cJames E. Brower, Jerrold H. Zar, Carl N. von Ende.
250 _a3rd ed.
260 _aUnited States America,
_bBrown publishers,
_c1990.
300 _a237 p.
_btbls.
650 4 _aECOLOGIA
_9334
700 1 _aZar, Jerrold H.,
_d1941-
_91076
700 1 _aEnde, Carl N. von
_91077
910 _aPG251027
942 _2ddc
_cBK
_n0
999 _c512
_d512